000 00761nam a2200265 i 4500
001 129867
003 ES-MaACL
005 20250710062730.0
007 t|
008 070709s1999 fr ||||1| fre d
020 _a2 13 044076 2
080 _a297.18
100 1 _aBlachère, Régis.
_929055
245 1 3 _aLe Coran /
_cRégis Blachère.
250 _a12e éd.
260 _aParis :
_bPresses Universitaires de France,
_c[1999]
300 _a124 p. ;
_c18 cm.
490 1 _aQue sais-je?. Collection Encyclopédique
500 _aBiblioteca Jacinto Martínez Lacalle.
504 _aBibliografía: p.125-126.
630 0 4 _aCorán.
_911361
830 0 0 _aQue sais-je?
_9180931
852 _aES-MaACL
_jE-11863
_bR.139803
999 _c129867
_d129867